Las TIC en las pymes del siglo XXI Problemas, adopcin̤ y necesidades de capacitacin̤ en TIC /

Detalles Bibliográficos
Autor principal: Ortiz Ocaą, Alexander
Otros Autores: Hernǹdez Ela̕s, Luis Carlos
Formato: eBook
Lenguaje:español
Publicado: Bogot:̀ Ediciones Universidad Cooperativa de Colombia, 2019
Materias:
Acceso en línea:Acceso restringido

MARC

LEADER 00000nam a22000007a 4500
005 20200420232639.0
007 cr|||| ||||
008 200420s2019 co |||||s|||| 00||0 spa d
020 |a 978-958-760-141-1 
035 |a 31314 
040 |a vLex 
090 |c 10300  |d 10300 
100 1 |a Ortiz Ocaą, Alexander 
245 1 3 |a Las TIC en las pymes del siglo XXI  |h [Recurso electrn̤ico] :  |b Problemas, adopcin̤ y necesidades de capacitacin̤ en TIC /  |c Alexander Ortiz Ocaą, Luis Carlos Hernǹdez Ela̕s 
256 |a Servicio en ln̕ea 
260 |a Bogot:̀  |b Ediciones Universidad Cooperativa de Colombia,  |c 2019 
300 |a 1 recurso electrn̤ico 
500 |a En este libro presentamos una configuracin̤ epistm̌ica y legal de la nocin̤ de pymes: hacemos una conceptualizacin̤ de estas y definimos su importancia en el m̀bito de la legislacin̤ nacional e internacional. Al mismo tiempo, evidenciamos la gňesis del uso de tecnologa̕s de la informacin̤ y la comunicacin̤ (tic) en las pymes y describimos las clases de tecnologa̕: programas informt̀icos (software) y soportes fs̕icos (hardware), con el fin de mostrar que dichas tecnologa̕s han jugado un papel importante en el desarrollo de este tipo de empresas, as ̕como los problemas que se les presentan en el tercer milenio. Finalmente, hacemos una valoracin̤ sobre la forma como las tic han sido apropiadas por las pymes, a partir de su acceso, uso y adopcin̤, con el objetivo de realizar un diagns̤tico de las necesidades de capacitacin̤ de las pymes de Santa Marta. Una de las conclusiones de este estudio es que muchas pymes creen que las tic no son necesarias en su actividad comercial o que su adquisicin̤ y mantenimiento es costoso. Por ello, se debe diseąr e implementar un programa de divulgacin̤ masiva sobre la importancia de estas herramientas para el desarrollo empresarial, el aumento de la productividad y la competitividad de la empresa, ya que permiten alcanzar los objetivos empresariales de manera ms̀ efectiva porque mejoran el acceso a la informacin̤, apoyan la gestin̤ administrativa, ampla̕n el acceso a proveedores y clientes, y facilitan la promocin̤ de productos, tanto a nivel local como global. 
506 1 |a Disponible solo en los productos indicados  |d vLex Global  |d vLex Global (Academic Edition, excluding Law Schools)  |d vLex Global (U.S. Academic Edition, Law Schools)  |d vLex Global (U.S. Academic Edition, excluding Law Schools)  |d vLex Global (Academic Edition, Law Schools) 
650 0 4 |a Derecho Mercantil y de la Empresa  |z Colombia 
650 0 4 |a Derecho Pb︢lico y Administrativo  |z Colombia 
700 1 |a Hernǹdez Ela̕s, Luis Carlos 
740 0 |a vLex Libros (Servicio en ln̕ea) 
856 4 0 |u http://vlex.com/source/tic-en-las-pymes-del-siglo-xxi-problemas-adopcion-y-necesidades-de-capacitacion-en-tic-31314  |z Acceso restringido 
942 |c BOOK 
999 0 |a Commercial and Company Law 
999 0 |a Public and Administrative Law